Toei Shinjuku Line - Tokyo, All Stations - Statistics

General Stats
  • This quiz has been taken 113 times
  • The average score is 14 of 21
Answer Stats
Station Number Station % Correct
S01 Shinjuku
100%
S02 Shinjuku-Sanchome
83%
S05 Kudanshita
79%
S04 Ichigaya
71%
S16 Higashi Ojima
67%
S08 Iwamotocho
67%
S06 Jimbocho
67%
S21 Motoyawata
67%
S14 Nishi Ojima
67%
S15 Ojima
67%
S13 Sumiyoshi
67%
S03 Akebonobashi
63%
S07 Ogawamachi
63%
S09 Bakuro-Yokoyama
58%
S17 Funabori
58%
S10 Hamacho
58%
S12 Kikukawa
58%
S11 Morishita
58%
S18 Ichinoe
54%
S19 Mizue
54%
S20 Shinozaki
46%
No matching quizzes found
Score Distribution
Percent of People with Each Score
Percentile by Number Answered
Your Score History
You have not taken this quiz